000 00536nam a22001817a 4500
005 20170711163449.0
010 _aENG-119158
020 _c295.00
_a9789382524304
035 _aEN-102690
037 _bDBAD/PUB
082 _a881
100 _aBhanot,Ishi
245 _aGlimpsing :
_cby S.C. Srivastava
_bthrough the clouds.../
260 _aNew Delhi
_bThe Book Line
_c2015
270 _a106,4787/23,Ist Floor,Ansari Road
_bNew Delhi
_e110002
300 _aix,139p. :
_c22cm(Hb)
_bill.
942 _2ddc
_cEN
_h881
_mBHA
999 _c142444
_d142444